| 000 | 01193nac a22003011u 4500 | ||
|---|---|---|---|
| 010 | _a 73018179 | ||
| 020 | _a0839106807 | ||
| 082 | 0 | 0 |
_a616.135 _bSh577 |
| 090 |
_c3558 _d3558 |
||
| 100 | _a20080729 | ||
| 245 | 0 | 0 |
_aPlatelets and thrombosis; _b[proceedings] _cEdited by Sol Sherry [and] Alexander Scriabine. |
| 260 |
_aBaltimore, _bUniversity Park Press _c[1974] |
||
| 300 |
_axvi, 332 p. _billus. _c24 cm. |
||
| 500 | _aSymposium Sponsored by the Physiological Society of Philadelphia. | ||
| 500 | _aDonations. | ||
| 500 | _aDonations - Bibliotheca Alexandrina. | ||
| 504 | _aIncludes bibliographies. | ||
| 650 | 0 |
_aThrombosis _xCongresses. |
|
| 650 | 0 |
_aBlood platelets _xCongresses. |
|
| 650 | 0 |
_aBlood platelet disorders _xDrug therapy _xCongresses. |
|
| 650 | 0 |
_aBlood platelets _xPhysiology _xCongresses. |
|
| 650 | 0 |
_aThromboembolism _xDrug therapy _xCongresses. |
|
| 700 | 1 |
_aSherry, Sol, _d1916- |
|
| 700 | 1 | _aScriabine, Alexander, | |
| 710 | 2 | _aPhysiological Society of Philadelphia. | |
| 942 |
_cBB _k616.135Sh577 |
||
| 999 |
_c3558 _d3558 |
||